Riadenie vzťahov so zákazníkmi pomáha vytvárať vyššiu hodnotu pre zákazníkov v podmienkach udržateľného rozvoja

Podstata a význam vzťahového marketingu a riadenia vzťahov so zákazníkmi na základe analýzy a skúmania zákazníckeho správania, ako základného metodického rámca riadenia hodnoty zákazníckej základne v podmienkach podnikovej praxe.

Gespeichert in:
Bibliographische Detailangaben
1. Verfasser: Čihovská, Viera
Format: Buchkapitel
Sprache:Slowakisch
Schlagworte:
Tags: Tag hinzufügen
Keine Tags, Fügen Sie das erste Tag hinzu!

MARC

LEADER 00000naa$a2200000$$$4500
001 0233498
005 20240502073807.4
041 0 |a slo 
044 |a SK 
245 1 0 |a Riadenie vzťahov so zákazníkmi pomáha vytvárať vyššiu hodnotu pre zákazníkov v podmienkach udržateľného rozvoja  |c Viera Čihovská 
520 |a Podstata a význam vzťahového marketingu a riadenia vzťahov so zákazníkmi na základe analýzy a skúmania zákazníckeho správania, ako základného metodického rámca riadenia hodnoty zákazníckej základne v podmienkach podnikovej praxe. 
610 2 0 |a marketing vzťahový 
610 2 0 |a riadenie vzťahov so zákazníkmi 
610 2 0 |a stratégia marketingová 
610 2 0 |a hodnota pridaná 
610 2 0 |a lojálnosť zákazníkov 
100 1 |a Čihovská, Viera